Applied Microbiology and Infection Control Including safety for BSc Nursing Students (Record no. 367702)

MARC details
000 -LEADER
fixed length control field 00568nam a22001937a 4500
005 - DATE AND TIME OF LATEST TRANSACTION
control field 20250915082915.0
008 - FIXED-LENGTH DATA ELEMENTS--GENERAL INFORMATION
fixed length control field 250909b |||||||| |||| 00| 0 eng d
020 ## - INTERNATIONAL STANDARD BOOK NUMBER
International Standard Book Number 978-81-89966-22-7
041 ## - LANGUAGE CODE
Language code of text/sound track or separate title English
082 ## - DEWEY DECIMAL CLASSIFICATION NUMBER
Classification number M 616.01 RAM DB1438
100 ## - MAIN ENTRY--PERSONAL NAME
Author Ramanamma M. V.
110 ## - MAIN ENTRY--CORPORATE NAME
Corporate name or jurisdiction name as entry element Murty Satyanarayana D.
245 ## - TITLE STATEMENT
Title Applied Microbiology and Infection Control Including safety for BSc Nursing Students
250 ## - EDITION STATEMENT
Edition statement 3rd ed.
260 ## - PUBLICATION, DISTRIBUTION, ETC.
Name of publisher, distributor, etc. Frontline Publications
Place of publication, distribution, etc. Hyderabad
Date of publication, distribution, etc. 2023
300 ## - PHYSICAL DESCRIPTION
Extent 442p
365 ## - TRADE PRICE
Price amount Rs.650.00
942 ## - ADDED ENTRY ELEMENTS (KOHA)
Koha item type Donated Book
Holdings
Withdrawn status Lost status Source of classification or shelving scheme Damaged status Not for loan Home library Current library Date acquired Net Price Bill number Total Checkouts Full call number Barcode Date last seen Date last checked out Bill Date Koha item type Original Barcode
    Dewey Decimal Classification     Smt. Bakul Tambat Institute of Nursing Education Smt. Bakul Tambat Institute of Nursing Education 22/08/2025 650.00 IK#2025-26#666 1 M 616.01 RAM DB1438 BTIN-DB-1438 12/12/2025 05/12/2025 22/08/2025 Donated Book DB1438